00394nam a2200157Ia 4500003000400000008004100004040001600045082001300061100002500074245003500099260003200134650001500166650001200181650002300193650002000216GCL140319s9999 xx 000 0 eng d aGCL / cGCL04a863bG C1 aGALDOS, BENITO PEREZ10aCADIZ / cGALDOS, BENITO PEREZ a[S.N] : bALIANZA EDITORIAL04aLITERATURE04aFICTION04aSPANISH LITERATURE04aSPANISH FICTION